ბათუმის შოთა რუსთაველის სახელმწიფო უნივერსიტეტის ბიბლიოთეკა

ჩემი სიტყვა (ბიბ.ჩანაწერი № 42818)

000 -LEADER
fixed length control field 00627nam a2200217Ia 4500
001 - CONTROL NUMBER
control field 9524
003 - CONTROL NUMBER IDENTIFIER
control field GE_BSU
008 - FIXED-LENGTH DATA ELEMENTS--GENERAL INFORMATION
fixed length control field 181216s||||||||xx |||||||||||||| ||und||
040 ## - CATALOGING SOURCE
Transcribing agency GE_BSU
080 ## - UNIVERSAL DECIMAL CLASSIFICATION NUMBER
Universal Decimal Classification number 821.353.1–1
100 ## - MAIN ENTRY--PERSONAL NAME
Personal name მეგრელი,დუტუ
245 ## - TITLE STATEMENT
Title ჩემი სიტყვა
245 ## - TITLE STATEMENT
Remainder of title ახალი ლექსები
260 ## - PUBLICATION, DISTRIBUTION, ETC.
Place of publication, distribution, etc. ტფილისი
260 ## - PUBLICATION, DISTRIBUTION, ETC.
Name of publisher, distributor, etc. სახელგამის გა–მა
260 ## - PUBLICATION, DISTRIBUTION, ETC.
Date of publication, distribution, etc. 1932
300 ## - PHYSICAL DESCRIPTION
Extent 68გვ;15სმ
653 ## - INDEX TERM--UNCONTROLLED
Uncontrolled term ახალი ლექსები
653 ## - INDEX TERM--UNCONTROLLED
Uncontrolled term ჩემი სიტყვა
942 ## - ADDED ENTRY ELEMENTS (KOHA)
Koha item type წიგნი
ეგზემპლარები
Withdrawn status Lost status Damaged status Not for loan Date acquired Barcode Date last seen Price effective from Koha item type
        2018-12-17 32485 2018-12-17 2018-12-17 წიგნი
        2018-12-17 32486 2018-12-17 2018-12-17 წიგნი